Library Logo

Pioneer International University Library Catalogue

Discrete mathematics and its applications / (Record no. 5963)

MARC details
000 -LEADER
fixed length control field 00522cam a2200181 a 4500
005 - DATE AND TIME OF LATEST TRANSACTION
control field 20250901165550.0
008 - FIXED-LENGTH DATA ELEMENTS--GENERAL INFORMATION
fixed length control field 980914s1999 maua b 001 0 eng
010 ## - LIBRARY OF CONGRESS CONTROL NUMBER
LC control number 98044231
020 ## - INTERNATIONAL STANDARD BOOK NUMBER
International Standard Book Number 0072899050 (acidfree paper)
050 00 - LIBRARY OF CONGRESS CALL NUMBER
Classification number QA39.2
Item number .R654 1999
082 00 - DEWEY DECIMAL CLASSIFICATION NUMBER
Classification number 511
Edition information 21
100 1# - MAIN ENTRY--PERSONAL NAME
Personal name Rosen, Kenneth H.
245 10 - TITLE STATEMENT
Title Discrete mathematics and its applications /
Statement of responsibility, etc. Kenneth H. Rosen.
250 ## - EDITION STATEMENT
Edition statement 4th ed.
260 ## - PUBLICATION, DISTRIBUTION, ETC.
Place of publication, distribution, etc. Boston :
Name of publisher, distributor, etc. WCB/McGraw-Hill,
Date of publication, distribution, etc. c1999.
300 ## - PHYSICAL DESCRIPTION
Extent xxii, 678 p. :
Other physical details ill. ;
Dimensions 27 cm.
942 ## - ADDED ENTRY ELEMENTS (KOHA)
Source of classification or shelving scheme Library of Congress Classification
Holdings
Withdrawn status Lost status Source of classification or shelving scheme Damaged status Not for loan Home library Current library Shelving location Date acquired Total checkouts Full call number Barcode Date last seen Date last checked out Price effective from Koha item type
    Library of Congress Classification     Main Library Main Library   02/08/2023 1 QA39.2 .R654 1999 PIU000532 10/06/2023 02/08/2023 02/08/2023 Books